| 000 -LEADER |
| fixed length control field |
00649nam a2200229Ia 4500 |
| 001 - CONTROL NUMBER |
| control field |
22763 |
| 003 - CONTROL NUMBER IDENTIFIER |
| control field |
GE_BSU |
| 005 - DATE AND TIME OF LATEST TRANSACTION |
| control field |
20220527125952.0 |
| 008 - FIXED-LENGTH DATA ELEMENTS--GENERAL INFORMATION |
| fixed length control field |
181216s2002||||gw |||||||||||||| ||gem|| |
| 020 ## - INTERNATIONAL STANDARD BOOK NUMBER |
| International Standard Book Number |
3891294492 |
| 040 ## - CATALOGING SOURCE |
| Transcribing agency |
GE_BSU |
| 041 ## - LANGUAGE CODE |
| Language code of text/sound track or separate title |
gem |
| 080 ## - UNIVERSAL DECIMAL CLASSIFICATION NUMBER |
| Universal Decimal Classification number |
811.112.1+37 K-24 |
| 100 ## - MAIN ENTRY--PERSONAL NAME |
| Personal name |
Kautz, Ulrich |
| 9 (RLIN) |
13861 |
| 245 ## - TITLE STATEMENT |
| Title |
Handbuch Didaktik des Übersetzens und Dolmetschens / |
| Statement of responsibility, etc. |
Ulrich Kautz. |
| 264 ## - PRODUCTION, PUBLICATION, DISTRIBUTION, MANUFACTURE, AND COPYRIGHT NOTICE |
| Place of production, publication, distribution, manufacture |
Munchen : |
| Name of producer, publisher, distributor, manufacturer |
Iudicium Verlag, |
| Date of production, publication, distribution, manufacture, or copyright notice |
2002. |
| 300 ## - PHYSICAL DESCRIPTION |
| Extent |
643 p. ; |
| Other physical details |
24 cm. |
| 653 ## - INDEX TERM--UNCONTROLLED |
| keyword |
Handbuch Didaktik des Übersetzens und Dolmetschens |
| 653 ## - INDEX TERM--UNCONTROLLED |
| keyword |
Перевод |
| 653 ## - INDEX TERM--UNCONTROLLED |
| keyword |
თარგმანი |
| 942 ## - ADDED ENTRY ELEMENTS (KOHA) |
| Koha item type |
წიგნი |
| Source of classification or shelving scheme |
|